| 000 | 00399pab a2200157 454500 | ||
|---|---|---|---|
| 008 | 180718b1983 xxu||||| |||| 00| 0 eng d | ||
| 100 | _aQureshi, M.A. | ||
| 245 | _aChoice of technology in china and India - the case of biogas | ||
| 260 | _c1983 | ||
| 300 | _a30-9 | ||
| 362 | _aApr.-June | ||
| 650 | _aBiogas - China | ||
| 700 | _aV.P. Kharbanda | ||
| 773 | _aScience and Society | ||
| 909 | _a4428 | ||
| 999 |
_c4428 _d4428 |
||